000
00470nam a2200157Ia 4500
008
100122s9999 xx 000 0 und d
082
_b
20564
_a
823.08
100
_a
देशपांडे ना व्य
245
_a
अशी ही माणसेच
250
_a
1
260
_b
अमेय प्रकाशन
_c
1974
300
_a
214
630
_a
अशी ही माणसेच
730
_a
अशी ही माणसेच
942
_c
BOOK
999
_c
409092
_d
409089